00654nam a2200145Ia 4500008004100000050002300041100002800064245015300092260008600245300003300331521001200364942000700376999001900383952010600402140724s9999 xx 000 0 und d aRT 89b.Ab162 2009 aAbrenica, Mara Jamaica. 4aThe hospital duty bag as an enhancer of student nurses' time management and equipment organization in the clinical setting /cMara Jamaica Abrenica. aLas Piñas, Philippines :bSouthville International School and Colleges,cc2009. a41 p. :bcol. ill. ;c28 cm. aNursing cTH c228692d228692 001040aCLbCLcTHESESd2014-07-24l0oRT 89 .Ab162 2009pT0046r2018-05-15 00:00:00w2014-07-24yTH